| 000 | 00875nam a2200301 i 4500 | ||
|---|---|---|---|
| 003 | EG-GICUC | ||
| 005 | 20260424214946.0 | ||
| 008 | 260424s1990 fr ||||fr|||| 00| 0 fre d | ||
| 020 | _a2247011713 | ||
| 040 |
_aEG-GiCUC _bfre _cEG-GiCUC _dEG-GiCUC _eRda |
||
| 082 | 0 | 4 |
_221 _a343.6 _bGA . C |
| 092 | 0 | 4 | _221 |
| 099 | _aLaw1 10 343.6 GA . C 1990 | ||
| 100 | 1 |
_aGassin,Raymond _eAuteur |
|
| 245 |
_aCriminologie/ _cRaymond Gassin. |
||
| 250 | _aDeuxième Édition | ||
| 264 | 1 |
_aParis: _bDalloz, _c1990. |
|
| 300 |
_a754 page ; _c 24 cm. |
||
| 336 |
_2rda contenu _a texte |
||
| 337 |
_2rda medias _aOrdinateur |
||
| 338 |
_2 transporteur rda _a Ressource en ligne |
||
| 546 | _aTexte en français | ||
| 650 | 1 | _aDroit Pénal | |
| 650 | 1 | _aCriminologie | |
| 856 | 4 | 0 | _uhttps://fll.law.cu.edu.eg/fulltext/bks/B10-11025.pdf |
| 905 | _a59 | ||
| 942 |
_2ddc _n0 _cBK _e21 |
||
| 999 |
_c73290 _d73290 |
||